[Event "Tournoi Skype 027A"]
[Site "Skype"]
[Date "????.??.??"]
[Round "5.29"]
[White "Galani, Mahendra"]
[Black "Salazar Ticeran, Antonio"]
[Result "1-0"]
[WhiteElo "1458"]
[BlackElo "1589"]
[PlyCount "75"]

1. e4 c5 2. c3 Nc6 3. Nf3 d6 4. d4 cxd4 5. Nxd4 Nf6 6. Bb5 Bd7 7. Qd3 Ne5 8.
Qe2 a6 9. Bxd7+ Qxd7 10. O-O g6 11. f4 Bg7 12. fxe5 dxe5 13. Nf3 Qc7 14. Nbd2
O-O 15. Nc4 Nd7 16. Bg5 f6 17. Bh4 Rac8 18. Ne3 Nc5 19. Nd5 Qd6 20. Rae1 e6 21.
Ne3 f5 22. Nc4 Qb8 23. exf5 exf5 24. Nb6 Rc6 25. Qc4+ Kh8 26. Nd5 b5 27. Qe2 e4
28. Nd4 Bxd4+ 29. cxd4 Nd3 30. Rd1 Qa7 31. Bf2 Rfc8 32. Rd2 Nc1 33. Qe3 Nxa2
34. Qg5 Qf7 35. Ne7 Rc1 36. Nxc8 Rxf1+ 37. Kxf1 Qc7 38. Qf6+ 1-0

[Event "Tournoi Skype 027A"]
[Site "Skype"]
[Date "????.??.??"]
[Round "5.31"]
[White "Pouteau, Pascal"]
[Black "Gadow, Martin"]
[Result "1-0"]
[WhiteElo "1454"]
[BlackElo "1530"]
[PlyCount "45"]

1. d4 Nf6 2. c4 e6 3. Nc3 d5 4. Bf4 Bd6 5. Bg3 c5 6. e3 cxd4 7. exd4 O-O 8. Nf3
Nc6 9. Ne5 a6 10. Rc1 dxc4 11. Bxc4 Be7 12. Ne2 Bb4+ 13. Kf1 Nxe5 14. Bxe5 Ne4
15. Bf4 b5 16. Bb3 Bb7 17. Bc7 Qg5 18. Nf4 Nd2+ 19. Kg1 Nf3+ 20. Kf1 Nh4 21. d5
Bxd5 22. Bxd5 Qxg2+ 23. Bxg2 1-0

[Event "Tournoi Skype 027A"]
[Site "Skype"]
[Date "????.??.??"]
[Round "5.32"]
[White "Rodriguez Gonzalez, Jaime Rafael"]
[Black "Aranzubia, Desiderio"]
[Result "1/2-1/2"]
[WhiteElo "1473"]
[BlackElo "1602"]
[PlyCount "66"]

1. e4 e6 2. d4 c5 3. c3 cxd4 4. cxd4 Nc6 5. Nc3 a6 6. a3 d6 7. Nf3 Nf6 8. Be2
b5 9. b4 Qc7 10. Bb2 Bb7 11. O-O Be7 12. Re1 O-O 13. Rc1 Rac8 14. Bd3 Qb6 15.
d5 Nd8 16. h3 Re8 17. Ne2 Rxc1 18. Qxc1 Qa7 19. Ned4 e5 20. Nf5 g6 21. Nxe7+
Rxe7 22. Qg5 Kg7 23. Bc1 Ng8 24. Qh4 Ba8 25. Be3 Qd7 26. Qg3 Re8 27. Nh4 Kh8
28. f4 f6 29. fxe5 fxe5 30. Rf1 Qe7 31. Bg5 Qg7 32. Qf2 Bb7 33. Bf6 Nxf6
1/2-1/2

[Event "Tournoi Skype 027A"]
[Site "Skype"]
[Date "????.??.??"]
[Round "5.33"]
[White "Aceituno, Stebe"]
[Black "Morelli, Daniel"]
[Result "1-0"]
[WhiteElo "1590"]
[BlackElo "1409"]
[PlyCount "75"]

1. Nf3 Nf6 2. b3 d6 3. Bb2 Bg4 4. g3 Bxf3 5. exf3 e5 6. Bg2 c6 7. O-O Nbd7 8.
c4 Be7 9. Nc3 Nb6 10. Re1 O-O 11. d4 exd4 12. Qxd4 d5 13. cxd5 Nbxd5 14. Nxd5
cxd5 15. f4 b6 16. Qe5 Rc8 17. Qxe7 Qxe7 18. Rxe7 a5 19. Bxf6 gxf6 20. Bxd5 b5
21. Ra7 Rc5 22. Bf3 b4 23. Re1 Rc3 24. Kg2 Rcc8 25. Rxa5 Rce8 26. Rd1 Rd8 27.
Rad5 Rc8 28. Rb5 Rc2 29. Rxb4 Rxa2 30. Rb7 Ra5 31. Bd5 Kh8 32. Bc4 Kg7 33. Rdd7
Kg6 34. Bxf7+ Kf5 35. Bc4 h5 36. Re7 Raa8 37. Bd3+ Kg4 38. h3# 1-0

[Event "Tournoi Skype 027A"]
[Site "Skype"]
[Date "????.??.??"]
[Round "5.34"]
[White "Escudero Ocana, Francisco"]
[Black "Lucena Vaz, Jose"]
[Result "0-1"]
[WhiteElo "1414"]
[BlackElo "1527"]
[PlyCount "62"]

1. e4 g6 2. Nf3 Bg7 3. c4 d6 4. d4 Nf6 5. h3 Nxe4 6. Nc3 Nxc3 7. bxc3 c6 8. Be3
Nd7 9. Qd2 Nf6 10. Be2 Qa5 11. O-O Ne4 12. Qc2 Bf5 13. Bd3 Qxc3 14. Qxc3 Nxc3
15. Bxf5 gxf5 16. Rfe1 Ne4 17. Rab1 O-O-O 18. d5 c5 19. Bd2 Nxd2 20. Nxd2 Bc3
21. Rxe7 b6 22. Nf3 Rd7 23. Re3 Bf6 24. Ne1 Kd8 25. Rf3 f4 26. Rxf4 Bg5 27. Rf3
Re8 28. Nc2 Re2 29. Rb2 Bc1 30. Kf1 Rde7 31. Nd4 Re1# 0-1

[Event "Tournoi Skype 027A"]
[Site "Skype"]
[Date "????.??.??"]
[Round "5.35"]
[White "Ramirez Reina, Orlando"]
[Black "Sauvaget, Joel"]
[Result "0-1"]
[WhiteElo "1497"]
[BlackElo "1467"]
[PlyCount "106"]

1. d4 d5 2. c4 e6 3. Nf3 Nf6 4. Bg5 Be7 5. Bxf6 Bxf6 6. e3 a6 7. Nc3 c6 8. a3
Nd7 9. e4 dxe4 10. Nxe4 Be7 11. c5 Nf6 12. Nxf6+ Bxf6 13. Be2 O-O 14. O-O Re8
15. Qd2 e5 16. dxe5 Qxd2 17. Nxd2 Bxe5 18. Nc4 Bc7 19. Bf3 Bf5 20. Rfe1 Bd3 21.
Nd6 Bxd6 22. cxd6 Bf5 23. Re7 Kf8 24. Rae1 Rad8 25. Rxe8+ Rxe8 26. Rxe8+ Kxe8
27. g4 Be6 28. Kf1 Kd7 29. Ke2 Kxd6 30. Ke3 Kc5 31. Be4 h6 32. h3 Kc4 33. Bc2
a5 34. f4 b5 35. b3+ Kc5 36. f5 Bd5 37. h4 f6 38. Kf4 Kd4 39. g5 hxg5+ 40. hxg5
fxg5+ 41. Kxg5 Ke5 42. Kg6 Be4 43. Bxe4 Kxe4 44. f6 gxf6 45. Kxf6 Kd4 46. Ke6
Kc3 47. b4 axb4 48. axb4 Kxb4 49. Ke5 c5 50. Ke4 Kc3 51. Kd5 c4 52. Ke4 Kd2 53.
Kd4 c3 0-1

[Event "Tournoi Skype 027A"]
[Site "Skype"]
[Date "????.??.??"]
[Round "5.36"]
[White "Bankhede, Shivkumar"]
[Black "Gharbi, Said"]
[Result "0-1"]
[WhiteElo "1388"]
[BlackElo "1578"]
[PlyCount "56"]

1. d4 e5 2. e4 exd4 3. Qxd4 Nc6 4. Qd1 Nf6 5. Nc3 Bb4 6. Bd3 Qe7 7. Bd2 Bxc3 8.
Bxc3 d5 9. Qe2 dxe4 10. Bxf6 Qxf6 11. Qxe4+ Be6 12. Nf3 Qxb2 13. O-O O-O-O 14.
Rab1 Qxa2 15. Ng5 Rd4 16. Ra1 Rxe4 17. Rxa2 Rg4 18. Nxe6 fxe6 19. Re1 Nd4 20.
Re3 g6 21. Rxa7 Kb8 22. Ra4 Ne2+ 23. Rxe2 Rxa4 24. Rxe6 Ra1+ 25. Bf1 Rc1 26.
Re2 Rd8 27. h3 Ka7 28. g3 Rdd1 0-1

[Event "Tournoi Skype 027A"]
[Site "Skype"]
[Date "????.??.??"]
[Round "5.37"]
[White "Santos, Joselito"]
[Black "L'Herbon De Lussats, Jean"]
[Result "1-0"]
[WhiteElo "1428"]
[BlackElo "1413"]
[PlyCount "91"]

1. d4 d5 2. Nf3 Nf6 3. Bf4 Bg4 4. e3 e6 5. Nbd2 Bd6 6. Bg3 O-O 7. Bd3 c5 8. c3
Nc6 9. Qc2 Ne7 10. Be5 Nf5 11. h3 Bxf3 12. Nxf3 Be7 13. Bxf5 exf5 14. Qxf5 g6
15. Qf4 Rc8 16. g4 Ne4 17. Qh2 f6 18. Bg3 f5 19. dxc5 Nxc5 20. O-O-O Qd7 21.
Nd4 Bg5 22. h4 Bh6 23. g5 Bg7 24. Bd6 Rfe8 25. Bxc5 Rxc5 26. h5 Bxd4 27. exd4
Rc6 28. Rde1 Rxe1+ 29. Rxe1 Re6 30. Rxe6 Qxe6 31. Qe5 Kf7 32. h6 Qxe5 33. dxe5
Ke6 34. f4 Kd7 35. Kc2 Kc6 36. Kd3 Kc5 37. b4+ Kc6 38. a4 b5 39. a5 a6 40. Kd4
Kd7 41. Kxd5 Ke7 42. e6 Kd8 43. Kd6 Ke8 44. e7 Kf7 45. Kd7 Kg8 46. e8=Q# 1-0

[Event "Tournoi Skype 027A"]
[Site "Skype"]
[Date "????.??.??"]
[Round "6.1"]
[White "Lopez, Jose Luis"]
[Black "Grosso, Raul"]
[Result "1-0"]
[WhiteElo "1951"]
[BlackElo "1851"]
[PlyCount "39"]

1. e4 c5 2. Nc3 g6 3. f4 Bg7 4. Nf3 Nc6 5. Bb5 Nd4 6. O-O Nxb5 7. Nxb5 a6 8.
Nc3 d6 9. d3 e6 10. Qe1 Ne7 11. a4 b6 12. e5 d5 13. b3 O-O 14. Ba3 Re8 15. a5
Bd7 16. axb6 d4 17. Ne4 Nf5 18. Bxc5 Bc6 19. Qb4 Ne3 20. Rf2 1-0

[Event "Tournoi Skype 027A"]
[Site "Skype"]
[Date "????.??.??"]
[Round "6.2"]
[White "Rapaire, Jean-Michel"]
[Black "Ibarra Cantu, Raul Alberto"]
[Result "1/2-1/2"]
[WhiteElo "1880"]
[BlackElo "1923"]
[PlyCount "133"]

1. e4 c5 2. Nf3 d6 3. Bb5+ Bd7 4. Qe2 Nc6 5. O-O Nf6 6. d3 e6 7. c3 Be7 8. Nbd2
O-O 9. d4 cxd4 10. Nxd4 Nxd4 11. cxd4 Bxb5 12. Qxb5 Qd7 13. Qd3 Rac8 14. b3 Qc6
15. Ba3 Rfe8 16. Rfc1 Qd7 17. f3 d5 18. Bxe7 Qxe7 19. Rc2 dxe4 20. fxe4 Rxc2
21. Qxc2 Qd7 22. Nf3 Rc8 23. Qd3 Qc6 24. Re1 Qc2 25. Qe2 Kf8 26. h3 Ke7 27. Qb5
Qc6 28. Qb4+ Ke8 29. d5 Qc5+ 30. Qxc5 Rxc5 31. dxe6 fxe6 32. Re2 Ke7 33. Kf2
Nd7 34. Ne1 Ne5 35. Rd2 Rc3 36. Nf3 Kf6 37. Nd4 Rd3 38. Rxd3 Nxd3+ 39. Ke3 Nc1
40. Nb5 Nxa2 41. Nxa7 Nc1 42. b4 Na2 43. b5 Ke5 44. b6 Nc3 45. Nc6+ Kd6 46. Nd8
Na4 47. Nxb7+ Ke5 48. Nd8 Nxb6 49. Nf7+ Kf6 50. Nd6 Ke5 51. Nf7+ Kf6 52. Nd6
Nd7 53. Ne8+ Kf7 54. Nd6+ Kf6 55. Ne8+ Kf7 56. Nd6+ Ke7 57. Nc4 Kf6 58. h4 Ne5
59. Nxe5 Kxe5 60. g3 h5 61. Kd3 Kd6 62. Kd4 e5+ 63. Kc4 Kc6 64. Kb4 Kb6 65. Kc4
Kc6 66. Kb4 Kb6 67. Kc4 1/2-1/2

[Event "Tournoi Skype 027A"]
[Site "Skype"]
[Date "????.??.??"]
[Round "6.3"]
[White "Caputi, Giuliano"]
[Black "Rico Hernandez, Edgar"]
[Result "1-0"]
[WhiteElo "1785"]
[BlackElo "1882"]
[PlyCount "127"]

1. e4 c6 2. d4 d5 3. exd5 cxd5 4. c4 Nf6 5. Nc3 Nc6 6. Nf3 Bg4 7. Be2 e6 8. O-O
dxc4 9. Qa4 a6 10. Qxc4 Be7 11. Be3 O-O 12. Rfd1 Rc8 13. Qa4 Qa5 14. Qb3 Qb4
15. Qc2 Bf5 16. Bd3 Bxd3 17. Rxd3 Qa5 18. Qd1 Nb4 19. Rd2 Rfd8 20. Qb3 Qc7 21.
Rad1 Nfd5 22. Nxd5 Nxd5 23. a3 b5 24. Ne1 Qc4 25. Qxc4 Rxc4 26. Rc2 Rdc8 27.
Rdc1 Rxc2 28. Rxc2 Rxc2 29. Nxc2 Nb6 30. b3 Nd5 31. Bd2 Kf8 32. Kf1 Ke8 33. Ke2
Kd7 34. Kd3 Bd6 35. h3 f6 36. g3 Kc6 37. Nb4+ Nxb4+ 38. axb4 Kd5 39. g4 g5 40.
f3 h6 41. Be1 f5 42. Bd2 Be7 43. Be1 Bf6 44. Bc3 Bg7 45. Bb2 Bf8 46. Bc3 Bd6
47. Bd2 Bg3 48. Bc3 Bf2 49. Bb2 Be1 50. Ba3 f4 51. Ke2 Bc3 52. Kd3 Bxd4 53. Bc1
Bf2 54. Bb2 e5 55. Bc3 Bb6 56. Be1 Be3 57. Bc3 Bf2 58. Bd2 Bd4 59. Be1 e4+ 60.
Ke2 e3 61. Kd3 Ba1 62. h4 Bf6 63. hxg5 hxg5 64. Kc2 1-0

[Event "Tournoi Skype 027A"]
[Site "Skype"]
[Date "????.??.??"]
[Round "6.4"]
[White "Pena, Eduin"]
[Black "Karia, Vijay"]
[Result "1/2-1/2"]
[WhiteElo "1833"]
[BlackElo "1800"]
[PlyCount "100"]

1. b3 d5 2. Bb2 c6 3. Nf3 Nf6 4. e3 Bg4 5. Be2 Nbd7 6. d4 Qc7 7. Nbd2 e6 8. O-O
Bd6 9. c4 O-O 10. c5 Be7 11. b4 b6 12. Qc2 b5 13. a4 a6 14. Ra3 Qb7 15. Rfa1 h6
16. Bc3 Ra7 17. axb5 cxb5 18. h3 Bh5 19. Bd3 Bxf3 20. Nxf3 Rfa8 21. Ne5 Nxe5
22. dxe5 Nd7 23. Bd4 Qc6 24. Qe2 Rb7 25. e4 Bd8 26. exd5 exd5 27. Bf5 Nf8 28.
Qg4 Ne6 29. Rg3 Bg5 30. f4 Bxf4 31. Rf3 Nxd4 32. Rxf4 Nxf5 33. Qxf5 Re7 34.
Raf1 a5 35. Qh5 Qc7 36. bxa5 Qxc5+ 37. Kh1 Qc7 38. Qf3 Qd7 39. Qc3 Qe6 40. Qb4
Rb7 41. Re1 Re8 42. Rd4 Qc6 43. Qb3 Rd7 44. Rb4 Rb8 45. Rb1 Rdb7 46. Rd1 Rd7
47. Rb1 Rdb7 48. Rd1 Rd8 49. Rbd4 Rbd7 50. Rb1 Rb7 1/2-1/2

[Event "Tournoi Skype 027A"]
[Site "Skype"]
[Date "????.??.??"]
[Round "6.5"]
[White "Segura Lozano, Marcos Antonio"]
[Black "Martinez Quintero, Javier"]
[Result "1/2-1/2"]
[WhiteElo "1808"]
[BlackElo "1773"]
[PlyCount "85"]

1. d4 Nf6 2. c4 e6 3. Nf3 d5 4. Bg5 Be7 5. Nc3 Nbd7 6. cxd5 Nxd5 7. Bxe7 Nxe7
8. Rc1 O-O 9. e3 b6 10. Be2 Bb7 11. O-O c5 12. Qb3 Nf5 13. Rfd1 Qe7 14. e4 Nxd4
15. Nxd4 cxd4 16. Rxd4 Nc5 17. Qc2 Rfd8 18. Rcd1 Rxd4 19. Rxd4 Rd8 20. Qd1 Rxd4
21. Qxd4 Qd7 22. Qxd7 Nxd7 23. b4 Kf8 24. f3 Ke7 25. Kf2 Ne5 26. Ke3 Nc6 27. a3
f6 28. g3 e5 29. Nd5+ Kd6 30. Nc3 a6 31. Bd3 Nd4 32. Ne2 Ne6 33. Bc4 Nc7 34.
Nc3 b5 35. Bb3 Ne6 36. Bxe6 Kxe6 37. g4 g5 38. h3 Kd6 39. Kd3 Bc8 40. Nd1 Be6
41. Nf2 Bc4+ 42. Ke3 Bf1 43. Kd2 1/2-1/2

[Event "Tournoi Skype 027A"]
[Site "Skype"]
[Date "????.??.??"]
[Round "6.6"]
[White "Figueroa, Tomas"]
[Black "Montalvo, Mario"]
[Result "1/2-1/2"]
[WhiteElo "2093"]
[BlackElo "1707"]
[PlyCount "52"]

1. Nf3 Nf6 2. d4 g6 3. c4 Bg7 4. Nc3 O-O 5. e4 d6 6. h3 e5 7. d5 a5 8. Bg5 Nbd7
9. Bd3 Nc5 10. Bc2 Bd7 11. Qd2 Qe8 12. g4 b5 13. cxb5 Bxb5 14. O-O-O Ba4 15. b3
Bd7 16. Bh6 Qb8 17. Bxg7 Kxg7 18. Nh4 a4 19. bxa4 Qb4 20. Bb3 Nxb3+ 21. axb3
Qxb3 22. Qc2 Bxa4 23. Qxb3 Bxb3 24. Rde1 Ra1+ 25. Kd2 Rxe1 26. Rxe1 Bc4 1/2-1/2

[Event "Tournoi Skype 027A"]
[Site "Skype"]
[Date "????.??.??"]
[Round "6.7"]
[White "Zenini, Simone"]
[Black "Deville, Olivier"]
[Result "1/2-1/2"]
[WhiteElo "1460"]
[BlackElo "2023"]
[PlyCount "71"]

1. e4 c5 2. Nf3 d6 3. d4 Nf6 4. Nc3 cxd4 5. Nxd4 Nc6 6. Bg5 e6 7. f4 Be7 8. Qd2
h6 9. Bh4 Nxe4 10. Bxe7 Nxd2 11. Bxd8 Nxd4 12. Ba5 Nxc2+ 13. Kxd2 Nxa1 14. Nb5
Kd7 15. Bd3 Nb3+ 16. axb3 a6 17. Nd4 b5 18. Rc1 Ra7 19. Nc6 Rb7 20. Nb4 Ra7 21.
Bb6 Rb7 22. Bd4 Rc7 23. Ra1 Ke7 24. g3 f6 25. Nxa6 Bxa6 26. Rxa6 e5 27. Be3
Rhc8 28. fxe5 fxe5 29. Bf5 Rf8 30. Be4 Rf1 31. Ke2 Rf8 32. g4 d5 33. Bb6 Rc1
34. Bf5 Rf6 35. Ra7+ Kf8 36. Ra8+ 1/2-1/2

[Event "Tournoi Skype 027A"]
[Site "Skype"]
[Date "????.??.??"]
[Round "6.8"]
[White "Mayor Martinez, Juan Jose"]
[Black "Teles, Jeferson Lisboa"]
[Result "1-0"]
[WhiteElo "1882"]
[BlackElo "1622"]
[PlyCount "153"]

1. e4 c5 2. Nf3 d6 3. h3 Nc6 4. d4 cxd4 5. Nxd4 e5 6. Nb3 a5 7. a4 Be6 8. N1d2
Nf6 9. Bb5 Bxb3 10. cxb3 Rc8 11. O-O Be7 12. Re1 O-O 13. Bc4 Qb6 14. Nf3 Nb4
15. Be3 Qc7 16. Rc1 Qd8 17. Bg5 Na2 18. Rc2 Nd7 19. Bxe7 Qxe7 20. Rd2 Rc6 21.
Qb1 Nb4 22. Red1 Nc5 23. Ne1 Rd8 24. f3 Kf8 25. Nc2 Ne6 26. Nxb4 axb4 27. Bd5
Rc5 28. Rc2 Rdc8 29. Rdc1 Nd4 30. Rxc5 dxc5 31. Qd3 Ra8 32. Qc4 Ra5 33. Rd1 Ra6
34. Rf1 Qc7 35. g3 Rg6 36. Kh2 Rd6 37. f4 exf4 38. gxf4 Rd8 39. Qd3 b6 40. Qg3
g6 41. Bc4 Qe7 42. Qg2 Ne6 43. Kh1 Qf6 44. f5 gxf5 45. Rxf5 Rd1+ 46. Kh2 Qe7
47. e5 Rd4 48. Qa8+ Rd8 49. Qf3 Rd2+ 50. Kh1 Rxb2 51. Rf6 Rb1+ 52. Kh2 Nd8 53.
Qf5 Re1 54. Rxb6 Qxe5+ 55. Qxe5 Rxe5 56. a5 Re7 57. Rb8 Rd7 58. a6 Ke7 59. Bb5
Rd2+ 60. Kg1 Ra2 61. Rb7+ Kf6 62. Rd7 Ne6 63. Bc4 Ng5 64. a7 Nxh3+ 65. Kf1 Ra1+
66. Ke2 Nf4+ 67. Kf3 Ne6 68. Bd5 Ng5+ 69. Ke3 c4 70. Bxc4 Ke5 71. Bd5 Ne4 72.
Bxe4 Ke6 73. Bc6 h5 74. Ba4 Rxa4 75. bxa4 Kxd7 76. a8=Q Kd6 77. Qa5 1-0

[Event "Tournoi Skype 027A"]
[Site "Skype"]
[Date "????.??.??"]
[Round "6.9"]
[White "Leyton Calderon, Jairo Oswaldo"]
[Black "Engstrom, Olle"]
[Result "1-0"]
[WhiteElo "1555"]
[BlackElo "1723"]
[PlyCount "51"]

1. Nf3 Nf6 2. b3 d6 3. d4 g6 4. Bb2 Bg7 5. e3 O-O 6. Be2 Nbd7 7. O-O Qe8 8. c4
c5 9. Nc3 cxd4 10. exd4 a6 11. Qc2 e5 12. dxe5 dxe5 13. Nd2 Rb8 14. Rad1 b6 15.
Nde4 Nxe4 16. Nxe4 Nf6 17. Nd6 Qe6 18. Rfe1 Nd7 19. Bf3 a5 20. Bd5 Qf6 21. a3
Kh8 22. Bf3 Rd8 23. b4 axb4 24. axb4 Qe7 25. Qa4 Nf8 26. Nxf7+ 1-0

[Event "Tournoi Skype 027A"]
[Site "Skype"]
[Date "????.??.??"]
[Round "6.10"]
[White "Mordaa, Ahmad"]
[Black "Benson, Paul"]
[Result "0-1"]
[WhiteElo "1571"]
[BlackElo "2080"]
[PlyCount "68"]

1. e4 c5 2. Nf3 g6 3. d4 cxd4 4. Nxd4 Nc6 5. Nc3 Bg7 6. Be3 Nf6 7. Bc4 Qa5 8.
Nde2 Nxe4 9. O-O Nxc3 10. Nxc3 O-O 11. Qd2 e6 12. Bb3 d5 13. Bh6 d4 14. Bxg7
Kxg7 15. Ne4 Qxd2 16. Nxd2 e5 17. Rfe1 Re8 18. Nc4 f6 19. f4 Re7 20. fxe5 fxe5
21. Nd6 Bf5 22. Rf1 Rf8 23. Nxf5+ Rxf5 24. Rf2 e4 25. Rxf5 gxf5 26. Rf1 Kg6 27.
Bc4 Ne5 28. Be2 Rc7 29. Bd1 Nc4 30. c3 d3 31. b3 Ne3 32. c4 Nxf1 33. Kxf1 e3
34. Ke1 e2 0-1

[Event "Tournoi Skype 027A"]
[Site "Skype"]
[Date "????.??.??"]
[Round "6.11"]
[White "Prasath, Malola"]
[Black "Khetre, Gaurav"]
[Result "1-0"]
[WhiteElo "2035"]
[BlackElo "1642"]
[PlyCount "61"]

1. e4 e6 2. d4 d5 3. Nd2 c5 4. Ngf3 Nf6 5. exd5 exd5 6. Bb5+ Bd7 7. Bxd7+ Nbxd7
8. O-O Be7 9. Re1 O-O 10. Nf1 Re8 11. Ng3 g6 12. Bg5 Ne4 13. Bxe7 Qxe7 14. c4
Qd6 15. cxd5 Nxg3 16. dxc5 Rxe1+ 17. Nxe1 Ne2+ 18. Qxe2 Qxd5 19. Rd1 Qc6 20.
Qe7 Nxc5 21. Rc1 Re8 22. Qg5 Qe4 23. h4 Ne6 24. Qf6 Nd4 25. Rd1 Ne6 26. Nf3 Qa4
27. Re1 Qxa2 28. h5 Qd5 29. h6 Qd8 30. Rxe6 Qd1+ 31. Kh2 1-0

[Event "Tournoi Skype 027A"]
[Site "Skype"]
[Date "????.??.??"]
[Round "6.12"]
[White "Elias, Roberto"]
[Black "Lovell, Stan"]
[Result "1/2-1/2"]
[WhiteElo "1876"]
[BlackElo "1634"]
[PlyCount "68"]

1. c4 e6 2. Nf3 b6 3. b3 Bb7 4. Bb2 Nf6 5. e3 c5 6. Be2 Be7 7. O-O O-O 8. d3
Nc6 9. Nbd2 Rc8 10. e4 Qc7 11. Ne1 d5 12. cxd5 exd5 13. f4 dxe4 14. dxe4 Rcd8
15. Nd3 Nd4 16. e5 Qc6 17. Nf3 Nxe2+ 18. Qxe2 Nd5 19. Rac1 Ba6 20. Nfe1 Qg6 21.
f5 Qg5 22. Rf3 Nf4 23. Qe4 Bxd3 24. Rxd3 Nxd3 25. Nxd3 Qd2 26. Rc3 Rxd3 27.
Rxd3 Qxb2 28. f6 Bxf6 29. exf6 Qxf6 30. a4 Qa1+ 31. Kf2 Qb2+ 32. Kg3 Qf6 33.
Rd7 Rd8 34. Qd5 Rxd7 1/2-1/2

[Event "Tournoi Skype 027A"]
[Site "Skype"]
[Date "????.??.??"]
[Round "6.14"]
[White "Bautista, Leidy"]
[Black "Aclan, Levent"]
[Result "1-0"]
[WhiteElo "1683"]
[BlackElo "1571"]
[PlyCount "83"]

1. b3 e5 2. Bb2 Nc6 3. e3 d5 4. Bb5 Bd6 5. Nf3 Bg4 6. h3 Bxf3 7. Qxf3 Nf6 8.
Qg3 O-O 9. Bxc6 e4 10. f4 exf3 11. Qxf3 bxc6 12. Nc3 Ne4 13. Nxe4 dxe4 14. Qg4
g6 15. O-O-O Qe7 16. Kb1 a5 17. a4 c5 18. Rdf1 f5 19. Qe2 Bg3 20. Qc4+ Rf7 21.
Ba3 Bd6 22. g4 fxg4 23. hxg4 Raf8 24. Bb2 Be5 25. Rxf7 Rxf7 26. Qxe4 Bxb2 27.
Qxe7 Rxe7 28. Kxb2 Rf7 29. Rh2 Rf3 30. Rg2 Kf7 31. Kc3 Ke6 32. Rh2 Rf7 33. Kc4
Kd6 34. Kb5 Kd5 35. c4+ Kd6 36. Kxa5 Kc6 37. d4 cxd4 38. exd4 Rf4 39. d5+ Kb7
40. Rxh7 Rxg4 41. d6 Rg5+ 42. Kb4 1-0

[Event "Tournoi Skype 027A"]
[Site "Skype"]
[Date "????.??.??"]
[Round "6.15"]
[White "Calderon, Francisco"]
[Black "Castillo, Jesus"]
[Result "0-1"]
[WhiteElo "1683"]
[BlackElo "1568"]
[PlyCount "98"]

1. d4 Nf6 2. e3 e6 3. Bd3 Bd6 4. f4 O-O 5. e4 Bb4+ 6. c3 Ba5 7. Qc2 g6 8. Nf3
d6 9. h3 Nbd7 10. e5 dxe5 11. fxe5 Ne8 12. Bg5 f6 13. Bh4 Ng7 14. exf6 Nxf6 15.
Ne5 Qxd4 16. Nf3 Qe3+ 17. Be2 Bb6 18. Nbd2 Nf5 19. Nc4 Qf4 20. Nxb6 axb6 21.
Bf2 Ng3 22. Rg1 Nfe4 23. Bd3 Nxf2 24. Kxf2 Nf5 25. Rge1 Bd7 26. Re4 Qg3+ 27.
Kg1 Bc6 28. Rg4 Qd6 29. Bxf5 exf5 30. Rd4 Qg3 31. Rf1 Rxa2 32. Qb3+ Kg7 33.
Qxa2 Re8 34. b4 Bxf3 35. Rxf3 Qe1+ 36. Kh2 Qe5+ 37. Rg3 f4 38. Rf3 g5 39. Rd7+
Re7 40. Rxe7+ Qxe7 41. Qd5 c6 42. Qd4+ Kg6 43. Qxb6 h5 44. Qf2 Qe5 45. Qc2+ Kh6
46. Qb3 g4 47. hxg4 hxg4 48. Rf1 f3+ 49. g3 Qe2+ 0-1

[Event "Tournoi Skype 027A"]
[Site "Skype"]
[Date "????.??.??"]
[Round "6.17"]
[White "Khunte, Aniruddha"]
[Black "Ortiz, Vladimir"]
[Result "1/2-1/2"]
[WhiteElo "1652"]
[BlackElo "1553"]
[PlyCount "87"]

1. e4 d5 2. Nf3 dxe4 3. Ng5 Nf6 4. d3 h6 5. Nxe4 Nxe4 6. dxe4 Qxd1+ 7. Kxd1 Nc6
8. Bb5 Bd7 9. Nc3 a6 10. Ba4 e6 11. Bf4 O-O-O 12. Re1 Bb4 13. Re3 Ne7 14. Ke2
Bxa4 15. Nxa4 Rd2+ 16. Kf3 Rxc2 17. a3 Bc5 18. Nxc5 Rxc5 19. Rd3 Rd8 20. Rxd8+
Kxd8 21. Rd1+ Kc8 22. Rc1 Rxc1 23. Bxc1 Kd7 24. Bf4 c5 25. h4 Nc6 26. Ke3 e5
27. Bh2 f6 28. h5 Na5 29. Kd3 b5 30. Kc3 Nc6 31. f4 exf4 32. Bxf4 Ne5 33. b4 c4
34. Kd4 Nd3 35. Bd2 Ke6 36. g4 Kd6 37. Ke3 Ke6 38. Bc3 Ne5 39. Kf4 Nd3+ 40. Ke3
Kf7 41. Kf3 Ke6 42. Ke3 Ne5 43. Kf4 Nf7 44. Bd4 1/2-1/2

[Event "Tournoi Skype 027A"]
[Site "Skype"]
[Date "????.??.??"]
[Round "6.18"]
[White "Legueltel, Daniel"]
[Black "Hague, Mark"]
[Result "1-0"]
[WhiteElo "1747"]
[BlackElo "1490"]
[PlyCount "53"]

1. d4 f5 2. Nf3 Nf6 3. c4 g6 4. g3 Bg7 5. Bg2 c6 6. Nc3 d6 7. O-O O-O 8. Re1
Re8 9. e4 Be6 10. d5 cxd5 11. cxd5 Bc8 12. Nd4 Na6 13. exf5 Bxf5 14. Nxf5 gxf5
15. Qf3 Qd7 16. h3 Rf8 17. Bg5 h6 18. Bf4 Nc5 19. Qe3 Rae8 20. Bxh6 e6 21. Bxg7
Kxg7 22. Qg5+ Kh8 23. dxe6 Nxe6 24. Qh4+ Kg8 25. Nd5 Nxd5 26. Bxd5 Qe7 27. Rxe6
1-0

[Event "Tournoi Skype 027A"]
[Site "Skype"]
[Date "????.??.??"]
[Round "6.19"]
[White "Hilton, Stephen"]
[Black "Marino, Giuseppe"]
[Result "1-0"]
[WhiteElo "1741"]
[BlackElo "1465"]
[PlyCount "81"]

1. d4 d5 2. Nf3 Nf6 3. e3 Bf5 4. Bd3 Bxd3 5. Qxd3 e6 6. O-O Bd6 7. c4 c6 8. Nc3
O-O 9. e4 dxe4 10. Nxe4 Nxe4 11. Qxe4 Nd7 12. Bf4 Bxf4 13. Qxf4 Nf6 14. Rfd1
Re8 15. Ne5 Rc8 16. g4 Re7 17. g5 Nd7 18. Ng4 Qf8 19. Rd3 f6 20. Rg3 fxg5 21.
Qxg5 Kh8 22. Rh3 Rf7 23. Qg6 Nf6 24. Nxf6 gxf6 25. Qe4 Rg7+ 26. Kf1 Qg8 27. Rg3
Rxg3 28. hxg3 Re8 29. Re1 Qg6 30. Qf3 a6 31. Qb3 Re7 32. d5 cxd5 33. cxd5 e5
34. Rc1 Qg8 35. Qf3 Qf8 36. d6 Rd7 37. Qf5 Qxd6 38. Rc8+ Kg7 39. Qg4+ Kf7 40.
Qg8+ Ke7 41. Re8# 1-0

[Event "Tournoi Skype 027A"]
[Site "Skype"]
[Date "????.??.??"]
[Round "6.20"]
[White "Saponara, Jose Maria"]
[Black "Galani, Mahendra"]
[Result "1-0"]
[WhiteElo "1714"]
[BlackElo "1458"]
[PlyCount "43"]

1. e4 e5 2. Nf3 d6 3. d4 exd4 4. Nxd4 Nf6 5. Nc3 Bd7 6. Bc4 a6 7. a4 Nc6 8. O-O
Ne5 9. Bb3 Be7 10. h3 O-O 11. f4 Nc6 12. Be3 Nxd4 13. Bxd4 c5 14. Be3 h6 15. e5
dxe5 16. fxe5 Nh7 17. Qh5 Be8 18. Rad1 Qc7 19. Nd5 Qd8 20. Nf6+ Nxf6 21. exf6
g6 22. Qxg6+ 1-0

[Event "Tournoi Skype 027A"]
[Site "Skype"]
[Date "????.??.??"]
[Round "6.23"]
[White "Alvarez, Juan Evangelista"]
[Black "Pouteau, Pascal"]
[Result "0-1"]
[WhiteElo "1540"]
[BlackElo "1454"]
[PlyCount "136"]

1. d4 d5 2. Bf4 Nf6 3. c3 Bf5 4. Nf3 e6 5. e3 Nbd7 6. h3 c5 7. Nbd2 Qb6 8. Qb3
Rc8 9. Be2 Be7 10. O-O O-O 11. Rfe1 Ne4 12. a4 Nxd2 13. Nxd2 Qxb3 14. Nxb3 Nf6
15. Bb5 h6 16. Ba6 Rcd8 17. Be2 Ne4 18. f3 Nf6 19. Nd2 Nh5 20. Bh2 Bh4 21. Rec1
Ng3 22. Bxg3 Bxg3 23. f4 c4 24. Nf3 Rfe8 25. Nh2 Rd6 26. Rf1 f6 27. Rf3 Bh4 28.
Ng4 h5 29. Nf2 Rc6 30. g3 Be4 31. Nxe4 dxe4 32. Rf2 Bxg3 33. Rg2 h4 34. Bd1 e5
35. fxe5 fxe5 36. Bc2 Rf6 37. Bxe4 Bf2+ 38. Kh1 Bxe3 39. d5 Rf4 40. Rg4 Ref8
41. Re1 Bd2 42. Rd1 Be3 43. Re1 Bf2 44. Rd1 Bg3 45. d6 R8f7 46. Rc1 R7f6 47.
Rd1 Rf1+ 48. Rxf1 Rxf1+ 49. Kg2 Rf8 50. Bd5+ Kh8 51. Rg5 Kh7 52. Be4+ Kh6 53.
Rg6+ Kh5 54. Rg4 g5 55. Bd5 Rf2+ 56. Kg1 Rd2 57. Bf7+ Kh6 58. Rxc4 Rxd6 59. Rc8
e4 60. Bc4 e3 61. Rh8+ Kg7 62. Rg8+ Kf6 63. Rf8+ Ke5 64. Re8+ Kf4 65. Rf8+ Ke4
66. Re8+ Kf3 67. Rf8+ Bf4 68. Kf1 Rd1# 0-1

[Event "Tournoi Skype 027A"]
[Site "Skype"]
[Date "????.??.??"]
[Round "6.24"]
[White "Casey, Eamonn"]
[Black "Carballo, Jorge"]
[Result "1-0"]
[WhiteElo "1671"]
[BlackElo "1594"]
[PlyCount "69"]

1. d4 d5 2. c4 e6 3. Nc3 Nf6 4. Nf3 Be7 5. h3 O-O 6. Bf4 Nbd7 7. e3 Nb6 8. cxd5
Nbxd5 9. Bh2 Bb4 10. Qb3 c6 11. Bd3 Qa5 12. Rc1 Bxc3+ 13. bxc3 Bd7 14. Ne5 Qb6
15. Nxd7 Nxd7 16. Qc2 g6 17. Rb1 Qa5 18. Rb3 N7b6 19. Bd6 Rfd8 20. Ra3 Na4 21.
Rxa4 Qxc3+ 22. Qxc3 Nxc3 23. Ra3 Rxd6 24. Rxc3 Rad8 25. Ke2 Rd5 26. Ra3 a6 27.
Rb1 R8d7 28. Ra4 e5 29. Bc4 R5d6 30. Bd3 exd4 31. Rxd4 Rxd4 32. exd4 b5 33. Rc1
Rd6 34. Be4 Re6 35. Kd3 1-0